| 000 | 00612nam a22001697a 4500 | ||
|---|---|---|---|
| 999 |
_c15020 _d15020 |
||
| 003 | OSt | ||
| 082 | _2631.3 RAT/PO | ||
| 088 | _aP 144 | ||
| 100 |
_aRATHEESH C. S _aROSHNI T _aSACHIN JOSEPH _aSREEVISAKH K. L _92368 |
||
| 245 | _aPower screw assisted punch - cum - splitter for tender coconut | ||
| 260 |
_aTavanur 2004 _bKelappaji college of Agricultural Engineering and Technology |
||
| 300 | _a34 | ||
| 500 | _aPower screw assisted punch - cum - splitter for tender coconut | ||
| 520 | _aPower screw assisted punch - cum - splitter for tender coconut | ||
| 700 |
_aEr. Jippu Jacob (Guide) _92268 |
||
| 942 | _cPR | ||